00713nam a2200217Ia 45000010006000000050017000060070003000230080041000260200007000670400025000740410008000990820019001071000024001262450095001502600052002453000021002976530016003189420012003349520132003469990017004784496420240114003651.0ta090305s g b000 u 903 u cHB aCotton College,Assam a903 a821.8bM 593 J aMilles, Alfred H. . 0aThe Poets And The Poetry Of The nineteenth Century /cAlfred H. Milles.hTextual Documents aLondon :bGeorge Routledge & Sons, Ltd ,c1995. a416p. ;c12 cm.. aT/G-English 2ddccBK 001040708Circulation (T/G)aSKBLbSKBLd2012-02-01f00000l0o821.8 M 593 Jp286.931r2024-01-14 00:00:00t1w2012-02-01yBK c44930d44930